QUEST Central Library Banner

Diagnosis Failure Causes of Corrosion Inhibitor Pump plunger and Its Effect on System Performance (ME Thesis) (Record no. 68190)

MARC details
000 -LEADER
fixed length control field 00462nam a22001217a 4500
100 ## - MAIN ENTRY--AUTHOR NAME
Personal name Abdullah Khan
-- 14MIEM01
-- Supervisor - Prof . Dr Altaf Hussain Rajper
245 ## - TITLE STATEMENT
Title Diagnosis Failure Causes of Corrosion Inhibitor Pump plunger and Its Effect on System Performance (ME Thesis)
260 ## - PUBLICATION, DISTRIBUTION, ETC. (IMPRINT)
Place of publication Nawabshah
Name of publisher QUEST
Year of publication 2017
300 ## - PHYSICAL DESCRIPTION
Number of Pages 49p
700 ## - ADDED ENTRY--PERSONAL NAME
Personal name Department of Industrial Engineering and Management
856 ## - ELECTRONIC LOCATION AND ACCESS
Uniform Resource Identifier https://tinyurl.com/yns9ns42
942 ## - ADDED ENTRY ELEMENTS (KOHA)
Koha item type Thesis and Dissertation
Holdings
Withdrawn status Lost status Home library Current library Date acquired Accession Number Koha item type
    Research Section Research Section 28/03/2023 MP/31-352 Thesis and Dissertation

Copyright © 2018,The QUEST, Nawabshah, Shaheed Benazirabad. All rights reserved
Mr. G. Farooq Channar (Librarian) QUEST, Nawabshah, Sindh, Pakistan 67480.
 Ph#: |   0244-9370381-4 Ext. 2308   Email| lib@quest.edu.pk   Web|  http://www.quest.edu.pk